| 000 | 00478nam a22001817a 4500 | ||
|---|---|---|---|
| 005 | 20240122115150.0 | ||
| 008 | 240122b |||||||| |||| 00| 0 eng d | ||
| 082 |
_a612 _bMUS-E |
||
| 100 | _aMushtaq, Ahmad | ||
| 245 |
_aEssentials of Biochemistry-2/ _cMushtaq Ahmad |
||
| 250 | _a7th ed. | ||
| 260 |
_aPakistan: _bIlmi Book House; _c2008 |
||
| 300 |
_aviii; 403 p: _bill; _c21 cm. |
||
| 490 | _vvol-2 | ||
| 500 | _aIndex Given. | ||
| 650 | _aPhysiology/Medical | ||
| 999 |
_c35100 _d35100 |
||